Delaware Geography Quiz - Sudden Death - Statistics

General Stats
  • This quiz has been taken 251 times
  • The average score is 8 of 20
Answers on the Grid
Answers color-coded by a green-red scale on the quiz's grid according to % correct below.
Appalachian Mountains
Atlantic City
Atlantic Coastal Plain
Atlantic Ocean
Bermuda
Bethany Beach
Block Island
Cape Cod
Cape Hatteras
Cape Henlopen
Chesapeake & Delaware Canal
Chesapeake & Ohio Canal
Chesapeake Bay
Delaware Bay
Delaware Water Gap
Delmarva Peninsula
Dover
Ebright Azimuth
Fenwick Island
Lyndon B. Johnson Birthplace
Lake Erie
Lewes
Long Island Sound
Martha's Vineyard
Mason Dixon Line
Middletown
New Castle
New England
Newark
Pamlico Sound
Philadelphia
Piedmont
Pocono Mountains
Presque Isle
Rehoboth Beach
Seaford
Shenandoah National Park
Susquehanna River
Twelve-Mile Circle
Wilmington
 
Answer Stats
Answer % Correct
Atlantic Ocean
71%
Bethany Beach
59%
Delaware Bay
56%
Dover
49%
Chesapeake & Delaware Canal
48%
Wilmington
48%
Atlantic Coastal Plain
46%
Cape Henlopen
44%
Rehoboth Beach
41%
Delmarva Peninsula
40%
Lewes
40%
Middletown
39%
Newark
39%
New Castle
36%
Seaford
32%
Fenwick Island
27%
Mason Dixon Line
27%
Twelve-Mile Circle
24%
Ebright Azimuth
14%
Piedmont
11%
No matching quizzes found
Score Distribution
Percent of People with Each Score
Percentile by Number Answered
Your Score History
You have not taken this quiz